F-I-L-M Actor Grab Bag Quiz Stats

 Plays Quiz Updated Oct 16, 2018

Challenge
Share
Tweet
Embed
Score 0/36 Timer 10:00
5 Plays Today
Hint Answer % Correct
Tom HanksForrest Gump
71.9%
Tommy Lee JonesThe Fugitive
66.8%
William H. MacyFargo
61%
Tommy Lee JonesMen in Black
57.2%
Brad PittMeet Joe Black
53.9%
Brad PittFight Club
52.9%
James StewartIt's a Wonderful Life
51.6%
Meryl StreepThe Manchurian Candidate
50.8%
James StewartMr. Smith Goes to Washington
39.3%
Demi MooreIndecent Proposal
38.2%
Meryl StreepThe Iron Lady
36.9%
Demi MooreA Few Good Men
32.5%
Diane KeatonMarvin's Room
29.9%
Tom HanksA League of Their Own
28%
Brad PittInglourious Basterds
27.9%
Diane KeatonThe First Wives Club
24.3%
Brad PittLegends of the Fall
23.3%
Tom HanksThe Money Pit
22.4%
Hint Answer % Correct
William H. MacyMagnolia
16.6%
Meryl StreepThe French Lieutenant's Woman
15.6%
Tommy Lee JonesLincoln
15.3%
Whoopi GoldbergThe Lion King
13.4%
Tom HanksIthaca
12%
Whoopi GoldbergMoonlight and Valentino
9.5%
Diane KeatonThe Little Drummer Girl
9.2%
Tommy Lee JonesIn the Valley of Elah
8.8%
Meryl StreepLions for Lambs
7.4%
Demi MooreMr. Brooks
7.1%
Demi MooreLOL
6%
James StewartFools' Parade
5.6%
Diane KeatonInteriors
5.1%
William H. MacyThe Lincoln Lawyer
4.6%
Whoopi GoldbergFor Colored Girls
4.6%
William H. MacyIn Enemy Hands
2.4%
Whoopi GoldbergIf I Had Known I Was a Genius
2.4%
James StewartThe Last Gangster
2.3%

You're not logged in!

Compare scores with friends on all Sporcle quizzes.
OR
Log In

You Might Also Like...

Show Comments

Extras

Top Quizzes Today


Score Distribution

Your Account Isn't Verified!

In order to create a playlist on Sporcle, you need to verify the email address you used during registration. Go to your Sporcle Settings to finish the process.

Report this User

Report this user for behavior that violates our Community Guidelines.

Details: